Overview of the state of the cities (Record no. 118144)
[ view plain ]
| 000 -LEADER | |
|---|---|
| fixed length control field | 01164cam a2200229 4500 |
| 001 - CONTROL NUMBER | |
| control field | WB@3612-726 |
| 008 - FIXED-LENGTH DATA ELEMENTS--GENERAL INFORMATION | |
| fixed length control field | 041013n2004 000 0 eng u |
| 035 ## - SYSTEM CONTROL NUMBER | |
| System control number | (Sirsi) u127676 |
| 245 ## - TITLE STATEMENT | |
| Title | Overview of the state of the cities |
| 260 ## - PUBLICATION, DISTRIBUTION, ETC. | |
| Date of publication, distribution, etc. | 2004 |
| 490 ## - SERIES STATEMENT | |
| Series statement | Planning (for the Natural and Built Environment) |
| Volume/sequential designation | 8 October 2004, 2(1) |
| 520 ## - SUMMARY, ETC. | |
| Summary, etc. | A major study of urban conditions and trends in England is to be led by urban affairs expert Michael Parkinson. The research will examine the importance of cities in creating sustainable communities and will be headed under four main themes: governance and the impact of policy in urban areas, the economic performance of cities, social cohesion and exclusion and urban liveability. The findings will be presented at the Sustainable communities summit in January 2005. For further details go to: http://www.odpm.gov.uk/stellent/groups/odpm_urbanp olicy/documents/page/odpm_urbpol_031647.hcsp. |
| 590 ## - LOCAL NOTE (RLIN) | |
| Local note | WB |
| 590 ## - LOCAL NOTE (RLIN) | |
| Local note | WB |
| 650 ## - SUBJECT ADDED ENTRY--TOPICAL TERM | |
| Topical term or geographic name entry element | CITIES |
| 650 ## - SUBJECT ADDED ENTRY--TOPICAL TERM | |
| Topical term or geographic name entry element | URBAN REGENERATION |
| 650 ## - SUBJECT ADDED ENTRY--TOPICAL TERM | |
| Topical term or geographic name entry element | REGENERATION |
| 650 ## - SUBJECT ADDED ENTRY--TOPICAL TERM | |
| Topical term or geographic name entry element | SOCIAL INCLUSION |
| 650 ## - SUBJECT ADDED ENTRY--TOPICAL TERM | |
| Topical term or geographic name entry element | HOUSING |
| 690 ## - LOCAL SUBJECT ADDED ENTRY--TOPICAL TERM (OCLC, RLIN) | |
| Topical term or geographic name as entry element | REGENERATION |
| 942 ## - ADDED ENTRY ELEMENTS (KOHA) | |
| Suppress in OPAC | 0 |
| Withdrawn status | Lost status | Source of classification or shelving scheme | Damaged status | Not for loan | Home library | Current library | Shelving location | Date acquired | Total Checkouts | Full call number | Barcode | Date last seen | Copy number | Price effective from | Koha item type |
|---|---|---|---|---|---|---|---|---|---|---|---|---|---|---|---|
| Dewey Decimal Classification | London | London | News article | 13/10/2004 | WB4039-12 | 127676-1001 | 06/08/2019 | 1 | 06/08/2019 | News article |